000 00788nam a22002297a 4500
001 41536
003 BD-RjUL
005 20211209053416.0
008 160601s1991 ii ||||| |||| 00| 0 ben d
020 _c: IRs 25.00
035 _a(BD-RjUL)41654
040 _aBD-RjUL
_bben
_cBD-RjUL
041 _aben
082 _223
_a294.5925
_bCHP 1991
100 _aচক্রবর্তী, বরুণকুমার
_9127644
245 1 0 _aপ্রসঙ্গ : লোকপুরাণ /
_cবরুণকুমার চক্রবর্তী
260 _aকলিকাতা :
_bঅপর্ণা বুক,
_c১৯৯১
300 _a৯০ পৃ. ;
_c২১ সেমি.
650 _aপুরাণ
_9127645
650 _aPuranas
_9127646
942 _2ddc
_cBK
999 _c41536
_d41536